Estadísticas para Ganadores de la UEFA Champions League

Haz click aquí para intentar la prueba.

Estadísticas generales

  • Esta prueba ha sido intentada 274 veces
    (121 desde el último reinicio)
  • La puntuación promedio es 24 de 31

Estadísticas de respuestas

EdiciónCampeón% Correcto
2022/23Manchester City
95%
2020/21Chelsea
92%
2021/22Real Madrid
92%
2019/20Bayern Munich
91%
2017/18Real Madrid
91%
2016/17Real Madrid
91%
2015/16Real Madrid
91%
2013/14Real Madrid
91%
2014/15Barcelona
90%
2018/19Liverpool
90%
2010/11Barcelona
86%
2009/10Inter de Milán
86%
2008/09Barcelona
85%
2012/13Bayern Munich
84%
2011/12Chelsea
83%
2007/08Manchester United
79%
2006/07Milan
78%
2005/06Barcelona
76%
2001/02Real Madrid
76%
2004/05Liverpool
75%
2003/04Porto
75%
1999/00Real Madrid
71%
2002/03Milan
70%
2000/01Bayern Munich
64%
1997/98Real Madrid
60%
1993/94Milan
58%
1998/99Manchester United
57%
1992/93Olympique de Marsella
53%
1994/95Ajax
52%
1996/97Borussia Dortmund
50%
1995/96Juventus
50%

Distribución de puntuación

Porcentaje por número respondido

Porcentaje de gente con cada puntuación

Historial de tus puntuaciones

No has intentado esta prueba desde el último reinicio